000 00662cam a2200277 4500
001 J2399
008 090401t1993 xxu||||| |||| 00| 0 eng d
035 _a(Sirsi) u48882
041 _aeng
050 _a332.6324094
110 _aNabarro Nathanson
_93048
245 _aReal estate financing in Europe.
260 _aLondon
_bNabarro Nathanson
_c1993
300 _a93p. ; 21x21cm.
350 _a25
650 _aBELGIUM
650 _aFRANCE
650 _aGERMANY
650 _aNETHERLANDS
650 _aPROPERTY FINANCE
650 _aSPAIN
690 _aOVERSEAS-EUROPE
710 _aArthur Andersen
_92223
942 _n0
948 _c04/03/1997
999 _c92425
_d92425